La tinta negra y roja : antología de poesía náhuatl /

Miguel León-Portilla, historiador mexicano (1926). Obtuvo los grados de maestro en la Universidad Loyola de Los Angeles, California, y de doctor en la Facultad de Filosofía y Letras de la UNAM, donde ha impartido clases y ha sido investigador por más de cuarenta años. Discípulo de Angel María Gariba...

Fuld beskrivelse

Guardado en:
Bibliografiske detaljer
Hovedforfatter: León-Portilla, Miguel (autor)
Andre forfattere: Bracho, Coral (selección) (selección), Uribe, Marcelo (selección) (selección), Rojo, Vicente (ilustración) (ilustración)
Format: Bog
Sprog:spansk
Udgivet: Barcelona, España : México : Galaxia Gutenberg : Círculo de Lectores ; Era, 2008, c2008
Fag:
Tags: Tilføj Tag
Ingen Tags, Vær først til at tagge denne postø!

MARC

LEADER 00000nam^a2200000^a^4500
001 000308854
005 20250521000000.0
009 20260310112929.872
020 |a 978-84-672-3255-4 
020 |a 978-84-8109-718-4 
020 |a 978-607-445-006-4 
037 |a Acervo ITESO - Biblioteca 
041 |a ESP 
082 |a 897. 452  |b LEO 
100 |a León-Portilla, Miguel  |e (autor) 
245 1 3 |a La tinta negra y roja :  |b antología de poesía náhuatl /  |c M. León-Portilla ; selec. y presen. de C. Bracho, M. Uribe ; il. de V. Rojo. 
264 4 |a Barcelona, España :  |b Galaxia Gutenberg :  |b Círculo de Lectores ;  |a México :  |b Era,  |c 2008, c2008 
300 |a 381 p. 
336 |a texto  |b txt  |2 rdacontenido 
337 |a sin mediación  |b n  |2 rdamedio 
338 |a volumen  |b nc  |2 rdasoporte 
520 |a Miguel León-Portilla, historiador mexicano (1926). Obtuvo los grados de maestro en la Universidad Loyola de Los Angeles, California, y de doctor en la Facultad de Filosofía y Letras de la UNAM, donde ha impartido clases y ha sido investigador por más de cuarenta años. Discípulo de Angel María Garibay, León-Portilla ha formado escuela en torno a su interés por el mundo indígena, en particular por la cultura nahua en la historia de México desde tiempos prehispánicos. Fundador de la revista Estudios de Cultura Náhuatl, ha dirigido, también, las revistas América Indígena y Tlalocan. Entre sus libros se encuentran: Visión de los vencidos, Trece poetas del mundo azteca; La filosofía náhuatl estudiada en sus fuentes; Literaturas indígenas de México; Los maestros prehispánicos de la palabra; Nezahualcóyotl, poesía y pensamiento; Los antiguos mexicanos a través de sus crónicas y cantares; Siete ensayos sobre cultura náhuatl; Tonantzin-Guadalupe, pensamiento náhuatl y mensaje cristiano. Ha recibido numerosos reconocimientos, entre ellos el Doctorado Honoris Causa de las universidades Southern Methodist (Dallas, 1980), de Tel Aviv (1987), Autónoma de Baja California (1990), Toulouse Le Mirail (1990), de Colima (1994), Mayor de San Andrés (1994), de Brown (1996), Nacional Autónoma de México (1998), Carolina de Praga (2000) y del Sistema Educativo UIA-ITESO (2002). También ha sido reconocido con los premios Nacional en Historia, Filosofía y Ciencias Sociales (1981), Cronista de la Ciudad de México (1974), Universidad Nacional (1994), Bartolomé de las Casas (2000). En 1995 el Senado de la República le confirió la medalla Belisario Domínguez. Pertenece a la Academia Mexicana de la Historia (de la que fue presidente), Academia Mexicana de la Lengua, la Real Academia Española y la National Academy of Sciences de EUA. Fue embajador de México ante la UNESCO entre 1987 y 1992. 
520 |a Miguel León-Portilla ha identificado, extraído, clasificado y traducido los textos de carácter poético pertenecientes a corpus mayores, entretejidos en obras de cualquier temática (religiosa, social, etc.), puesto que la poesía no consistía un género por sí mismo entre los nahuas. En esta obra se compilan los poemas más representativos entre aquellos entresacados por León-Portilla; cuando existen varias versiones de ellos, los seleccionadores las han integrado en una sola. 
649 |a XX 
650 |a Poesía Nahua 
650 |a Poesía Indígena 
650 |a Poesía Mexicana 
650 |a Literatura Nahua 
650 |a Literatura Indígena 
650 |a Literatura Mexicana -  |y Epoca Prehispánica 
700 |a Bracho, Coral  |e (selección) 
700 |a Uribe, Marcelo  |e (selección) 
700 |a Rojo, Vicente  |e (ilustración) 
910 |a Fondo General 
920 |a Impresos - Libros 
930 |a Colección General 
940 |a Literatura 
905 |a 101 
901 |a 0500195232  |b IT1  |c LIT  |i D53206  |u 20250521 
902 |a https://opac.biblio.iteso.mx/vufind/Record/000308854